| 000 | 00883nam a22002651 4500 | ||
|---|---|---|---|
| 001 | 31960 | ||
| 003 | BD-RjUL | ||
| 005 | 20211209051755.0 | ||
| 008 | 140423s1843 enka 001 0 eng | ||
| 035 | _a(BD-RjUL)32049 | ||
| 035 | _a(OCoLC)4078524 | ||
| 040 |
_aDLC _cKyDC _dBD-RjUL _beng |
||
| 041 | _aeng | ||
| 082 |
_a398.2 _bHEA 1843 |
||
| 245 | 1 | 0 |
_aHeathen mythology : _bIllustrated by extracts from the most celebrated writers, both ancient and modern, on the gods of Greece, Rome, India, Scandinavia .. and embellished with two hundred engravings / _cafter designs by M. Baron. |
| 260 |
_aLondon : _bWilloughby & Co., _c1843. |
||
| 300 |
_aviii, 294 p. : _bill. ; _c21 cm. |
||
| 500 | _aIllustrated t.-p. | ||
| 504 | _aIncludes index. | ||
| 650 | 0 |
_aMythology. _997294 |
|
| 650 | 0 |
_aLegends. _997295 |
|
| 942 |
_2ddc _cBK |
||
| 999 |
_c31960 _d31960 |
||